NLSUI OPAC header image

Legal strategies for the enforcement of economic, social and cultural rights : Comments, contributors and conference proceedings (Record no. 33747)

MARC details
000 -LEADER
fixed length control field 00581nam a2200157Ia 4500
008 - FIXED-LENGTH DATA ELEMENTS--GENERAL INFORMATION
fixed length control field 160316s2012 xxu||||| |||| 00| 0 eng d
082 ## - DEWEY DECIMAL CLASSIFICATION NUMBER
Classification number 341.481000
Item number THO
100 ## - MAIN ENTRY--PERSONAL NAME
Personal name Thomas Sarasu Esther
245 ## - TITLE STATEMENT
Title Legal strategies for the enforcement of economic, social and cultural rights : Comments, contributors and conference proceedings
250 ## - EDITION STATEMENT
Edition statement
260 ## - PUBLICATION, DISTRIBUTION, ETC.
Place of publication, distribution, etc. Bangalore
Name of publisher, distributor, etc. N L S I U
Date of publication, distribution, etc. 2012
300 ## - PHYSICAL DESCRIPTION
Extent 63p
Other physical details
Dimensions
365 ## - TRADE PRICE
Price amount Rs. 125
650 ## - SUBJECT ADDED ENTRY--TOPICAL TERM
Topical term or geographic name entry element 1. International Conventions - Civil Rights<br/>2. International Conventions On Economic, Social and Cultural Rights
700 ## - ADDED ENTRY--PERSONAL NAME
Personal name
--
Holdings
Withdrawn status Lost status Damaged status Not for loan Home library Current library Shelving location Date acquired Cost, normal purchase price Total Checkouts Full call number Barcode Date last seen Price effective from Koha item type
        NLS NLS   30/05/2017 125.00   341.481 THO 30242 30/05/2017 30/05/2017 BOOKs